Türkiye'nin Eurovision Yarışmacıları - Armageddon - Statistics

General Stats
  • This quiz has been taken 84 times
  • The average score is 8 of 15
Answers on the Grid
Answers color-coded by a green-red scale on the quiz's grid according to % correct below.
Sertab Erener
Tarkan
Manga
Serdar Ortaç
Ebru Gündeş
Hadise
MFÖ
Athena
Sibel Can
Kenan Doğulu
Cem Karaca
Yıldız Tilbe
Duman
Barış Manço
Mor ve Ötesi
Can Bonomo
Sezen Aksu
Mustafa Sandal
Seda Sayan
Yüksek Sadakat
Sibel Tüzün
Sedat Yüce
Rafet El Roman
Mustafa Ceceli
Arzu Ece
Murat Boz
Aylin Vatankoş
Cici Kızlar
Ajda Pekkan
Kayahan
 
Answer Stats
Answer % Correct
Sertab Erener
87%
Can Bonomo
72%
Manga
72%
Hadise
66%
Athena
60%
MFÖ
58%
Mor ve Ötesi
57%
Kenan Doğulu
55%
Sibel Tüzün
45%
Ajda Pekkan
43%
Yüksek Sadakat
36%
Kayahan
32%
Arzu Ece
26%
Aylin Vatankoş
26%
Sedat Yüce
21%
No matching quizzes found
Score Distribution
Percent of People with Each Score
Percentile by Number Answered
Your Score History
You have not taken this quiz